00414nam a2200133 a 4500008004100000050001500041100002000056245010400076260002800180300002100208350000900229650003100238650001100269120416s1980 ||||||||||||||||| || u aGN 654 Dro aDroogers, Andre14aThe dangerous journey: symbolic aspects of boy's initiation among the Wagenia of Kisanangani, Zaire aThe HaguebMoutonc1980 axx, 416p. : ill. a0.00 aETHICS--INITIATIONS--ZAIRE 0aETHICS